| 000 | 00647nam a22002177a 4500 | ||
|---|---|---|---|
| 999 |
_c15143 _d15143 |
||
| 003 | AR-CdUCM | ||
| 008 | 190426b ||||| |||| 00| 0 spa d | ||
| 020 | _a84-241-8328-2 | ||
| 040 |
_aMUNICIPALIDAD PROVINCIAL DEL CUSCO _cBIBLIOTECA MUNICIPAL DEL CUSCO |
||
| 082 |
_aPI / 803 / _bE96 |
||
| 110 |
_aEverest _934158 |
||
| 245 | _aLa división de la cosecha / | ||
| 260 |
_aEspaña : _bEvergráficas, _c2005. |
||
| 300 |
_a16 páginas ; _c17 cm. _bIlustración, |
||
| 440 |
_aLeyendas del mundo _934159 |
||
| 650 |
_aLiteratura _983 |
||
| 650 |
_aInfantil _96210 |
||
| 650 |
_aInfancia _95236 |
||
| 942 |
_2ddc _cLIBROS |
||
| 945 |
_arah _d26/04/2019 |
||